Belfast Landmarks - Statistics

General Stats
  • This quiz has been taken 106 times
  • The average score is 7 of 10
Answer Stats
Disctription Landmark % Correct
Airport named for the city's most famous fotballing son George Best Belfast City Airport
95%
Europe's most bombed hotel Europa Hotel
87%
Irish Republican district in the west of the city Falls Road
81%
This structure divides these two districts Peace Line
80%
Ulster loyalist district which runs parallel to above Shankill Road
80%
Northern Ireland's only Russell Group University Queen's University
74%
Giant yellow gantry cranes at above Samson and Goliath
57%
Shipyard where the Titanic was built Harland & Wolff
47%
Wonky chronometer named for Victoria's Prince-Consort Albert Clock
43%
Spherical scuplutre commonly called "The Balls on the Falls" Rise
17%
No matching quizzes found
Score Distribution
Percent of People with Each Score
Percentile by Number Answered
Your Score History
You have not taken this quiz